Biotechnology for biological control of pests and vectors / (Record no. 22188)
[ view plain ]
| 000 -LEADER | |
|---|---|
| fixed length control field | 00841cam a2200253Ia 4500 |
| 001 - CONTROL NUMBER | |
| control field | u13859 |
| 003 - CONTROL NUMBER IDENTIFIER | |
| control field | SIRSI |
| 005 - DATE AND TIME OF LATEST TRANSACTION | |
| control field | 20180220093721.0 |
| 008 - FIXED-LENGTH DATA ELEMENTS--GENERAL INFORMATION | |
| fixed length control field | 960122s1991 flua b 001 0 eng d |
| 020 ## - INTERNATIONAL STANDARD BOOK NUMBER | |
| International Standard Book Number | 0849348366 |
| 039 #9 - LEVEL OF BIBLIOGRAPHIC CONTROL AND CODING DETAIL [OBSOLETE] | |
| Level of rules in bibliographic description | 200312231118 |
| Level of effort used to assign nonsubject heading access points | nehal |
| -- | 200203190940 |
| -- | load |
| 040 ## - CATALOGING SOURCE | |
| Original cataloging agency | EAL. |
| 050 ## - LIBRARY OF CONGRESS CALL NUMBER | |
| Classification number | RA639.3 |
| Item number | B57 1991 |
| 245 00 - TITLE STATEMENT | |
| Title | Biotechnology for biological control of pests and vectors / |
| Statement of responsibility, etc. | editor, Karl Maramorosch. |
| 260 0# - PUBLICATION, DISTRIBUTION, ETC. | |
| Place of publication, distribution, etc. | Boca Raton : |
| Name of publisher, distributor, etc. | CRC Press, |
| Date of publication, distribution, etc. | c1991. |
| 300 ## - PHYSICAL DESCRIPTION | |
| Extent | 278 p. : |
| Other physical details | ill. ; |
| Dimensions | 28 cm. |
| 504 ## - BIBLIOGRAPHY, ETC. NOTE | |
| Bibliography, etc. note | Includes bibliographical references and index. |
| 596 ## - | |
| -- | 1 |
| 650 #0 - SUBJECT ADDED ENTRY--TOPICAL TERM | |
| Topical term or geographic name entry element | Vector control |
| General subdivision | Biological control. |
| 650 #0 - SUBJECT ADDED ENTRY--TOPICAL TERM | |
| Topical term or geographic name entry element | Pests |
| General subdivision | Biological control. |
| 650 #0 - SUBJECT ADDED ENTRY--TOPICAL TERM | |
| Topical term or geographic name entry element | Biological pest control agents |
| General subdivision | Biotechnology. |
| 700 10 - ADDED ENTRY--PERSONAL NAME | |
| Personal name | Maramorosch, Karl. |
| 942 ## - ADDED ENTRY ELEMENTS (KOHA) | |
| Koha item type | Books |
| Source of classification or shelving scheme | Library of Congress Classification |
| Withdrawn status | Lost status | Source of classification or shelving scheme | Damaged status | Not for loan | Home library | Current library | Date acquired | Total Checkouts | Full call number | Barcode | Date last seen | Copy number | Price effective from | Koha item type |
|---|---|---|---|---|---|---|---|---|---|---|---|---|---|---|
| Withdrawn | Library of Congress Classification | Main | Main | 02/20/2018 | RA639.3 B57 1991 | 0007027 | 02/06/2025 | 1 | 02/20/2018 | Books |